[Event "ESP-ch U14"]
[Site "Granada"]
[Date "2016.07.14"]
[Round "6"]
[White "Casado Ramirez, Alejandro"]
[Black "Andrade Sandoval, Bianca"]
[Result "0-1"]
[WhiteElo "1627"]
[BlackElo "1793"]
[PlyCount "132"]
[EventDate "2016.07.11"]
[EventType "swiss"]
[EventRounds "9"]
[EventCountry "ESP"]
[SourceTitle "EXT 2024"]
[Source "ChessBase"]
[SourceDate "2023.10.10"]
[SourceVersion "1"]
[SourceVersionDate "2023.10.10"]
[SourceQuality "1"]

1. d4 d5 2. c4 e6 3. Nc3 Nf6 4. Bf4 c6 5. e3 Nbd7 6. Bd3 dxc4 7. Bxc4 b5 8. Be2 Bb7 9. Nf3 a6 10. h3 Be7 11. a3 c5 12. dxc5 Nxc5 13. 0-0 0-0 14. b4 Nce4 15. Nxe4 Nxe4 16. Rc1 Bf6 17. Be5 Bxe5 18. Nxe5 Bd5 19. Bf3 Qg5 20. Qd4 f5 21. Rc7 Rad8 22. Rfc1 Bc4 23. Rd7 Qf6 24. Nxc4 Rxd7 25. Qxd7 bxc4 26. Qd4 Qxd4 27. exd4 Nd6 28. Kf1 Kf7 29. Ke2 Rb8 30. Bc6 Nb5 31. Bxb5 axb5 32. Kd2 Ra8 33. Ra1 Ra4 34. Kc3 g5 35. Kb2 Ke7 36. Re1 Ra6 37. Re5 c3+ 38. Kb3 Rc6 39. Rc5 Rxc5 40. bxc5 Kd7 41. Kxc3 Kc6 42. g3 e5 43. dxe5 Kxc5 44. e6 Kd6 45. Kb4 Kxe6 46. Kxb5 Kd7 47. a4 h5 48. Kc5 f4 49. gxf4 g4 50. hxg4 h4 51. g5 h3 52. g6 Ke6 53. f5+ Kf6 54. a5 h2 55. Kb6 h1Q 56. Ka7 Qa1 57. a6 Kxf5 58. f4 Ke6 59. Kb7 Qb2+ 60. Kc7 Qc3+ 61. Kb7 Kd6 62. Kb8 Kc6 63. g7 Qb3+ 64. Ka8 Qg8+ 65. Ka7 Kc7 66. f5 Qb8# 0-1